| 000 | 00712nam a2200229Ia 4500 | ||
|---|---|---|---|
| 999 |
_c38791 _d38791 |
||
| 003 | GCL | ||
| 005 | 20240530103345.0 | ||
| 008 | 140319s1933 ua 000 0 ara d | ||
| 040 |
_aGCL / _cGCL |
||
| 082 | 0 | 4 |
_a953.02/ _bأ ت |
| 100 | 1 | _aابوزيد شلبى | |
| 245 | 1 | 0 |
_aتاريخ خالد بن الوليد: _bالبطل الفاتح / _cابوزيد شلبى |
| 250 | _aط1 | ||
| 260 |
_aالقاهرة : _bالمؤلف، _c1933. |
||
| 300 | _a211 ص | ||
| 650 | 0 | 4 | _aالفتوحات الاسلامية |
| 650 | 0 | 4 | _aالاسلام - تراجم |
| 650 | 0 | 4 | _aالقادة |
| 650 | 0 | 4 | _aخالد بن الوليد |
| 650 | 0 | 4 | _aالصحابة والتابعون - تراجم |
| 942 |
_2ddc _cBK |
||